Score 0/10 Timer 01:30
0 Plays Today
% Correct
Superman
93.2%
Spider-Man
88.3%
Iron Man
83.5%
Captain America
75.9%
Thor
67.3%
Batman
61.3%
Hulk
52.7%
Ghost Rider
45.4%
Hellboy
42.6%
Nick Fury
37.7%

Today's Daily Dose

Word Ladder
Silence

Get the Picture
Philly Team Facts

You're not logged in!

Compare scores with friends on all Sporcle quizzes.
OR
Log In

Sporcle TV

Today on Sporcle TV


Watch our educational content, quiz creation guides, and fun videos on Sporcle TV.

Show Comments

Extras

Top Quizzes Today


Score Distribution

Your Account Isn't Verified!

In order to create a playlist on Sporcle, you need to verify the email address you used during registration. Go to your Sporcle Settings to finish the process.

Report this User

Report this user for behavior that violates our Community Guidelines.

Details: